Normal view
MARC view
- الفتاوى-الاحكام-الشريعة الاسلامية
Entry Topical Term
001 - CONTROL NUMBER
- control field: 64090
003 - CONTROL NUMBER IDENTIFIER
- control field: JO-AjAnu
005 - DATE AND TIME OF LATEST TRANSACTION
- control field: 20230606084446.0
008 - FIXED-LENGTH DATA ELEMENTS
- fixed length control field: 230606|| aca||aabn | a|a d
040 ## - CATALOGING SOURCE
- Original cataloging agency: JO-AjAnu
- Transcribing agency: JO-AjAnu
150 ## - HEADING--TOPICAL TERM
- Topical term or geographic name entry element: الفتاوى-الاحكام-الشريعة الاسلامية
670 ## - SOURCE DATA FOUND
- Source citation: Work cat.: (JO-AjAnu)32673: اعداد قسم الفتوى في هيئة علماء المسلمين في العراق, author 64089, فتاوى ودراسات شرعية منتقاة